Disney Villainous Card Art - Statistics

General Stats
  • This quiz has been taken 47 times
  • The average score is 8 of 16
Answer Stats
Picture Answer % Correct
Tiana
86%
Bandit
81%
Stratos
70%
Divination
68%
Fake Funeral
65%
The Rose
62%
Mummy Dust
59%
Roadster
51%
Whisper
46%
Golden Arrow
41%
Hen Wen
35%
Royal Guard
32%
Ingenious Device
30%
Stopwatch
24%
The Bookworm
22%
Once Upon a Dream
19%
No matching quizzes found
Score Distribution
Percent of People with Each Score
Percentile by Number Answered
Your Score History
You have not taken this quiz